| 000 | 01006nam a22003498a 4500 | ||
|---|---|---|---|
| 999 |
_c4647 _d4647 |
||
| 001 | 10913610 | ||
| 003 | OSt | ||
| 005 | 20181211154542.0 | ||
| 008 | 840614s1985 nju 000 0 eng | ||
| 010 | _a84013370 | ||
| 020 | _a0800751760 : | ||
| 040 |
_aDLC _cDLC _dCDC |
||
| 043 | _ae-gw--- | ||
| 082 |
_a248.4 _bB724J |
||
| 092 |
_a248.4 _bT289J |
||
| 100 | 1 | _aTen Boom, Corrie | |
| 245 | 1 | 0 |
_aJesus is victor / _cCorrie ten Boom |
| 260 |
_aOld Tappan, N.J. : _bRevell, _cc1985 |
||
| 263 | _a8408 | ||
| 300 |
_a216 p. ; _c20 cm |
||
| 500 | _a"Power books." | ||
| 600 | 1 | 0 | _aTen Boom, Corrie |
| 610 | 2 | 0 | _aRavensbrück (Concentration camp) |
| 650 | 0 | _aChristian life | |
| 650 | 0 |
_aWorld War, 1939-1945 _xPersonal narratives, Dutch |
|
| 650 | 0 |
_aConcentration camps _zGermany |
|
| 650 | 0 | _aConsolation | |
| 700 | 1 | 0 |
_aTen Boom, Corrie. _tCares, He comforts |
| 700 | 1 | 0 |
_aTen Boom, Corrie. _tSets the captive free |
| 700 | 1 | 0 |
_aTen Boom, Corrie. _tDon't wrestle, just nestle |
| 942 |
_2ddc _cBK |
||